| 000 | 00602nam a22001937a 4500 | ||
|---|---|---|---|
| 005 | 20240403125414.0 | ||
| 010 | _aENG-140033 | ||
| 020 |
_c650.00 _a9789382396215 |
||
| 035 | _aEN-123565 | ||
| 037 | _bDBAD | ||
| 082 | _a181.482 | ||
| 100 |
_aSharma, Veena _964278 |
||
| 245 |
_aAdvaita Vedanta And Akan: _bInquiriy into an Indian and African Ethos/ _cby Veena Sharma |
||
| 260 |
_aShimla _bThe Secretary _c2015 |
||
| 270 |
_bShimla _aIndian Institute Of Advanced Study Rashtrapati Nivas _e171005 |
||
| 300 |
_a229p. _c25(pb) |
||
| 700 | _964260 | ||
| 942 |
_2ddc _cEN _h181.482 _mSHA |
||
| 999 |
_c201921 _d201921 |
||